Statystyki dla Quiz o Brazylii

Kliknij tutaj aby rozwiązać quiz!

Ogólne statystyki

  • Ten quiz został rozwiązany 12 razy
  • Średni wynik to 7 z 11

Statystyki odpowiedzi

PodpowiedźOdpowiedź% Poprawnych
Największa rzeka BrazyliiAmazonka
100%
Stolica BrazyliiBrasilia
100%
Język urzędowy Brazyliiportugalski
100%
Dawna stolica Brazylii do 1960r. Drugie co do
wielkości miasto Brazylii.
Rio De Janeiro
91%
Brazylia ma __ sąsiadów.10
82%
Największy wilgotny las równikowy na świecie.
Określany jako "płuca Ziemii".
Amazonia
73%
Największe miastoSão Paulo
64%
Brazylia ma dostęp do tego oceanuOcean Atlantycki
55%
Największy równoleżnik przechodzący przez
Brazylię
Równik
45%
Obowiązująca waluta BrazyliiReal
18%
Najwyższy szczyt Brazylii. Położony na granicy
Brazylii z Wenezuelą. Osiąga 2994 m n.p.m.
Pico da Neblina
0%

Rozkład punktacji

Percentyl według liczby udzielonych odpowiedzi

Procent ludzi z każdym wynikiem

Twoja historia wyników

Nie rozwiązałeś tego quizu